00804 a2200205 4500003000500000005001700005010001600022020002200038020002200060040000900082082001800091100001400109245005000123260004300173300003000216440006300246505022400309650004100533650002400574Nust20230223180202.0 a 78312462 a3764307293 (v. 1) a3764308117 (v. 2) cNust00a510.28542,MAS1 a Mason JC10aBasic numerical mathematics /cby J. C Mason a : Englandb ButterWorthysc1977-1979. a 143 P. :bill. ;c25 cm. 0aInternational series of numerical mathematics ;vv. 14, 22 aIntroduction to Basic (Page-1),Introduction to Numerical Mathematics (Page-14),Elementary Mathematic Calculation (Page-37),Nonlinear Algebra Equations (Page-60),Interpolation, Differentiation and Integration (Page-94). 0aNumerical analysisxData processing. 0aNumerical analysis.